WWE Who's won most - Statistics

General Stats
  • This quiz has been taken 191 times
    180 since last reset
  • The average score is 14 of 22
Answer Stats
Hint Answer % Correct
WWE Championship John Cena
97%
Most Wins at Wrestlemania The Undertaker
88%
Intercontinental Championship Chris Jericho
83%
Raw Women's Championship Sasha Banks
82%
Universal Championship Brock Lesnar
79%
Most Wrestlemania Losses Triple H
79%
WWE Monday NIght Raw Matches Triple H
79%
USA Championship Ric Flair
77%
WCW Championship Ric Flair
77%
WWE World Heavyweight Championship Edge
73%
Smackdown Women's Championship Charlotte Flair
68%
Most WWE Matches Kane
67%
Most main event Matches at Wrestlemania Hulk Hogan
66%
Royal Rumble Matches Steve Austin
62%
WWE Womens Championship Trish Stratus
59%
WWE smackdown matches Rey Mysterio
56%
NXT Championship Shinsuke Nakamura
53%
Money In The Bank Matches CM Punk
51%
WWE Divas Championship AJ Lee
50%
WWE Hardcore Championship Raven
37%
WWE Cruiserweight Championship Neville
32%
WWE European Championship William Regal
32%
No matching quizzes found
Score Distribution
Percent of People with Each Score
Percentile by Number Answered
Your Score History
You have not taken this quiz since the last reset